Als de bergen roepen, (Record no. 3158)

MARC details
000 -LEADER
fixed length control field 00694cam a22002291 4500
001 - CONTROL NUMBER
control field af 47005534
003 - CONTROL NUMBER IDENTIFIER
control field DLC
005 - DATE AND TIME OF LATEST TRANSACTION
control field 20260227110832.0
008 - FIXED-LENGTH DATA ELEMENTS--GENERAL INFORMATION
fixed length control field 920107s1944 be 000 1 dut c
010 ## - LIBRARY OF CONGRESS CONTROL NUMBER
LC control number af 47005534
035 ## - SYSTEM CONTROL NUMBER
System control number (OCoLC)25059894
040 ## - CATALOGING SOURCE
Original cataloging agency Brown Univ. Library
Transcribing agency RPB
Modifying agency DLC
041 1# - LANGUAGE CODE
Language code of text/sound track or separate title dut
Language code of original eng
042 ## - AUTHENTICATION CODE
Authentication code premarc
050 00 - LIBRARY OF CONGRESS CALL NUMBER
Classification number PS3513.R6545
Item number C32
100 1# - MAIN ENTRY--PERSONAL NAME
Personal name Grey, Zane,
Dates associated with a name 1872-1939.
240 10 - UNIFORM TITLE
Uniform title Call of the canyon.
Language of a work Dutch
245 10 - TITLE STATEMENT
Title Als de bergen roepen,
Statement of responsibility, etc. door Zane Grey ...
260 ## - PUBLICATION, DISTRIBUTION, ETC.
Place of publication, distribution, etc. Antwerpen,
Name of publisher, distributor, etc. Uitgeverij Westernis
Date of publication, distribution, etc. [1944]
300 ## - PHYSICAL DESCRIPTION
Extent 159, [1] p.
Dimensions 18 cm.
490 0# - SERIES STATEMENT
Series statement De briljant uitgave; verzameling van uitgezochte lectuur voor iedereen.
Volume/sequential designation [22]

No items available.

Powered by Koha